Welcome to the Holygrace Academy Library

Please use search bar below to get started

THE ELEPHANT AND THE MONKEY (Record no. 7491)

MARC details
000 -LEADER
fixed length control field 00261nam a22001217a 4500
082 ## - DEWEY DECIMAL CLASSIFICATION NUMBER
Classification number 823
Item number UNK/E
100 ## - MAIN ENTRY--AUTHOR NAME
Personal name UNKNOWN
245 ## - TITLE STATEMENT
Title THE ELEPHANT AND THE MONKEY
260 ## - PUBLICATION, DISTRIBUTION, ETC. (IMPRINT)
Place of publication BOMBAY
Name of publisher PAULINE
Year of publication 1998
300 ## - PHYSICAL DESCRIPTION
Number of Pages 10
650 ## - SUBJECT ADDED ENTRY--TOPICAL TERM
Topical Term ENGLISH STORY
Geographic subdivision INDIA
942 ## - ADDED ENTRY ELEMENTS (KOHA)
Koha item type Books
Holdings
Withdrawn status Lost status Collection code Home library Current library Date acquired Source of acquisition Cost, normal purchase price Full call number Accession Number Koha item type
Withdrawn Damaged Item Fiction Main Library Main Library 04/03/2002 purchase 10.00 823 UNK/E 00587 Books